[Event "Palma de Mallorca Arenal op"]
[Site "Palma de Mallorca"]
[Date "2016.10.21"]
[Round "2"]
[White "Ballesteros Gonzalez, David"]
[Black "Nadal Marti, Bernardo Pedro"]
[Result "1-0"]
[WhiteElo "2167"]
[BlackElo "1916"]
[PlyCount "91"]
[EventDate "2016.10.20"]
[EventType "swiss"]
[EventRounds "7"]
[EventCountry "ESP"]
[SourceTitle "EXT 2018"]
[Source "ChessBase"]
[SourceDate "2017.10.13"]
[SourceVersion "1"]
[SourceVersionDate "2017.10.13"]
[SourceQuality "1"]

1. d4 d5 2. Nf3 Nf6 3. c4 c6 4. e3 e6 5. Nc3 Bd6 6. Bd3 Nbd7 7. 0-0 0-0 8. a4 e5 9. cxd5 cxd5 10. dxe5 Nxe5 11. Nxe5 Bxe5 12. f4 Bxc3 13. bxc3 Qc7 14. Qb3 Rd8 15. Ba3 Ne4 16. Qc2 Qxc3 17. Qxc3 Nxc3 18. Bc5 Bd7 19. a5 Bc6 20. Rfc1 Ne4 21. Bd4 a6 22. Rc2 Nd6 23. Kf2 Re8 24. g4 Ne4+ 25. Kg1 f6 26. h4 Kf7 27. Rac1 g6 28. g5 f5 29. Rh2 Ng3 30. h5 Nxh5 31. Bxf5 gxf5 32. Rxh5 Rg8 33. Rxh7+ Ke6 34. Kf2 Rg6 35. Rch1 Rc8 36. Bc5 Re8 37. R1h6 Rxh6 38. Rxh6+ Kf7 39. Rf6+ Kg7 40. Rxf5 Re6 41. Bd4+ Kg6 42. Rf8 Re7 43. f5+ Kh5 44. g6 Kh6 45. Bf6 Re8 46. g7 1-0

[Event "Madrid-ch sf-A"]
[Site "Madrid"]
[Date "2015.03.09"]
[Round "1"]
[White "Martin Martin, Luis Vicente"]
[Black "Ballesteros Gonzalez, David"]
[Result "0-1"]
[WhiteElo "1970"]
[BlackElo "2192"]
[PlyCount "52"]
[EventDate "2015.03.09"]
[EventType "swiss"]
[EventRounds "9"]
[EventCountry "ESP"]
[SourceTitle "CBM 165 Extra"]
[Source "ChessBase"]
[SourceDate "2015.04.21"]
[SourceVersion "1"]
[SourceVersionDate "2015.04.21"]
[SourceQuality "1"]

1. d4 Nf6 2. Nf3 g6 3. Bf4 d6 4. e3 Bg7 5. h3 0-0 6. Be2 c5 7. c3 Nc6 8. dxc5 dxc5 9. Nbd2 Bf5 10. 0-0 h6 11. Nb3 Qb6 12. a4 a5 13. Bb5 Rfd8 14. Qc1 g5 15. Bh2 Ne4 16. Nbd2 Na7 17. Be2 Nc8 18. Nc4 Qe6 19. Na3 Ncd6 20. Nb5 Nxb5 21. Bxb5 g4 22. hxg4 Bxg4 23. Be2 Bxf3 24. Bxf3 Nd2 25. Bxb7 Nxf1 26. Bxa8 Nxh2 0-1

[Event "Madrid Oliver Gonzalez Memorial-A 3rd"]
[Site "Madrid"]
[Date "2012.09.06"]
[Round "6"]
[White "Pogorelov, Ruslan"]
[Black "Ballesteros Gonzalez, David"]
[Result "1-0"]
[WhiteElo "2422"]
[BlackElo "2227"]
[PlyCount "117"]
[EventDate "2012.09.01"]
[EventType "swiss"]
[EventRounds "9"]
[EventCountry "ESP"]
[SourceTitle "CBM 150 Extra"]
[Source "ChessBase"]
[SourceDate "2012.10.19"]
[SourceVersion "1"]
[SourceVersionDate "2012.10.19"]
[SourceQuality "1"]

1. Nf3 Nf6 2. c4 g6 3. Nc3 Bg7 4. e4 d6 5. d4 0-0 6. Be2 Na6 7. 0-0 e5 8. Be3 Ng4 9. Bg5 f6 10. Bc1 f5 11. exf5 gxf5 12. h3 exd4 13. Bg5 Bf6 14. Bxf6 Nxf6 15. Nxd4 Nc5 16. Qc2 Nfe4 17. Bf3 Nxc3 18. Qxc3 Qf6 19. Nb5 c6 20. Qxf6 Rxf6 21. Nc3 Nd3 22. Be2 Nf4 23. Rfe1 Be6 24. Bf1 Rd8 25. g3 Ng6 26. f4 Ne7 27. Rad1 Kf7 28. b4 Rg6 29. Kf2 Nc8 30. a4 Rgg8 31. a5 Rge8 32. b5 Ne7 33. Rd2 c5 34. Red1 Nc8 35. Bg2 Re7 36. Nd5 Red7 37. Bf3 Ne7 38. Nxe7 Kxe7 39. Bd5 Bxd5 40. Rxd5 Rf8 41. Re1+ Kd8 42. Re6 Kc7 43. Rh6 Re8 44. Rxf5 Re4 45. Rfh5 Rxc4 46. Rxh7 Rc2+ 47. Kf3 Rc3+ 48. Kg4 c4 49. Rxd7+ Kxd7 50. Rh7+ Ke6 51. Rxb7 Rb3 52. Rc7 Rxb5 53. Rxc4 Rxa5 54. h4 d5 55. Rc6+ Kd7 56. Rc1 Ke7 57. h5 Ra2 58. h6 Kf7 59. Kg5 1-0

[Event "Benidorm op U2300 09th"]
[Site "Benidorm"]
[Date "2010.12.07"]
[Round "6"]
[White "Ballesteros Gonzalez, David"]
[Black "Diogo, Vasco Andre Marcalo"]
[Result "0-1"]
[WhiteElo "2211"]
[BlackElo "2285"]
[PlyCount "112"]
[EventDate "2010.12.03"]
[EventType "swiss"]
[EventRounds "10"]
[EventCountry "ESP"]
[SourceTitle "CBM 139 Extra"]
[Source "ChessBase"]
[SourceDate "2011.01.05"]
[SourceVersion "1"]
[SourceVersionDate "2011.01.05"]
[SourceQuality "1"]

1. d4 Nf6 2. c4 g6 3. Nc3 Bg7 4. e4 d6 5. Nf3 0-0 6. Be2 e5 7. 0-0 Nc6 8. d5 Ne7 9. Ne1 Ne8 10. Be3 f5 11. f3 f4 12. Bf2 g5 13. a4 h5 14. a5 Kh8 15. c5 Ng8 16. Rc1 Nh6 17. cxd6 cxd6 18. b4 g4 19. Kh1 Rg8 20. Nd3 Bf8 21. Re1 g3 22. Bg1 Qg5 23. Bf1 h4 24. Re2 h3 25. Ne1 Nf6 26. Nb5 Bd7 27. Nc7 Rc8 28. Ne6 Bxe6 29. dxe6 Rxc1 30. Qxc1 d5 31. hxg3 Nh5 32. Bh2 Nxg3+ 33. Bxg3 Qxg3 34. Qc7 Bxb4 35. Qxe5+ Kh7 36. Nd3 Bxa5 37. Qxf4 hxg2+ 38. Bxg2 Qg6 39. Nc5 Bb6 40. Nd7 Rh8 41. Qe5 Ng4 42. fxg4 Kg8+ 43. Bh3 Rxh3+ 44. Rh2 Rxh2+ 45. Kxh2 Qh6+ 46. Kg2 Qd2+ 47. Kh3 Qe3+ 48. Qg3 Qh6+ 49. Qh4 Qxh4+ 50. Kxh4 Bd8+ 51. Kg3 a5 52. Nc5 b6 53. Nd3 a4 54. e5 a3 55. Ne1 Bg5 56. Nc2 a2 0-1

[Event "Madrid Oliver Gonzalez Memorial 1st"]
[Site "Madrid"]
[Date "2010.10.15"]
[Round "7"]
[White "Barria Zuniga, Daniel"]
[Black "Ballesteros Gonzalez, David"]
[Result "1-0"]
[WhiteElo "2419"]
[BlackElo "2196"]
[PlyCount "73"]
[EventDate "2010.10.09"]
[EventType "swiss"]
[EventRounds "9"]
[EventCountry "ESP"]
[SourceTitle "CBM 138 Extra"]
[Source "ChessBase"]
[SourceDate "2010.10.29"]
[SourceVersion "1"]
[SourceVersionDate "2010.10.29"]
[SourceQuality "1"]

1. d4 d5 2. c4 c6 3. Nf3 Nf6 4. Nc3 dxc4 5. e3 b5 6. a4 b4 7. Na2 a5 8. Bxc4 e6 9. 0-0 Ba6 10. Bxa6 Nxa6 11. Qe2 Bd6 12. e4 Be7 13. Rd1 0-0 14. Bg5 h6 15. Bh4 Qb6 16. Nc1 Rfd8 17. Nb3 g5 18. Bg3 Nd7 19. Nfd2 c5 20. Nc4 Qa7 21. Nbxa5 Nab8 22. d5 Qa6 23. Rac1 Re8 24. Qc2 e5 25. Nb3 Bf8 26. f3 Qg6 27. Nbd2 h5 28. Nf1 g4 29. fxg4 hxg4 30. Nfe3 Bh6 31. Ra1 Bf4 32. Nf5 Kh7 33. Rf1 Bg5 34. Qe2 Bf6 35. Nfe3 Rg8 36. Rf5 Bh8 37. Nxg4 1-0

[Event "Parla op 25th"]
[Site "Parla"]
[Date "2010.09.06"]
[Round "3"]
[White "Gomez Garrido, Camilo Ernesto"]
[Black "Ballesteros Gonzalez, David"]
[Result "1/2-1/2"]
[WhiteElo "2514"]
[BlackElo "2196"]
[PlyCount "115"]
[EventDate "2010.09.04"]
[EventType "swiss"]
[EventRounds "9"]
[EventCountry "ESP"]
[SourceTitle "CBM 138 Extra"]
[Source "ChessBase"]
[SourceDate "2010.10.29"]
[SourceVersion "1"]
[SourceVersionDate "2010.10.29"]
[SourceQuality "1"]

1. e4 c5 2. Nf3 d6 3. d4 cxd4 4. Nxd4 Nf6 5. Nc3 a6 6. Bg5 e6 7. f4 Be7 8. Qf3 Qc7 9. 0-0-0 Nc6 10. Nb3 h6 11. Bh4 Bd7 12. Be2 Rc8 13. Kb1 b5 14. a3 Na5 15. Nxa5 Qxa5 16. e5 dxe5 17. fxe5 Bc6 18. Qd3 Nd5 19. Nxd5 Bxd5 20. Bxe7 Kxe7 21. Qg3 g6 22. Qf4 Rh7 23. Bf3 Bxf3 24. Qxf3 Qc7 25. Qf6+ Ke8 26. Rd2 Qe7 27. Rhd1 Qxf6 28. exf6 g5 29. Rd7 h5 30. Re7+ Kf8 31. Rdd7 Kg8 32. a4 bxa4 33. Rc7 Rf8 34. Rc5 g4 35. Rg5+ Kh8 36. c4 Rh6 37. c5 Rxf6 38. Rxh5+ Kg7 39. Rg5+ Rg6 40. Rxg6+ Kxg6 41. Rc7 Kf5 42. Ka2 Ke4 43. Ka3 f5 44. Kxa4 f4 45. Rg7 Kd5 46. Rxg4 Kxc5 47. Rg5+ Kd4 48. Rg6 Kd5 49. b4 e5 50. Kb3 Ra8 51. Kc3 Rc8+ 52. Kd2 Rb8 53. Rxa6 Rxb4 54. Ra2 Ke4 55. Ke2 Kf5 56. g3 Kg4 57. gxf4 exf4 58. Kf2 1/2-1/2

[Event "Madrid-ch"]
[Site "Madrid"]
[Date "2010.02.24"]
[Round "2"]
[White "Anton Guijarro, David"]
[Black "Ballesteros Gonzalez, David"]
[Result "1-0"]
[WhiteElo "2302"]
[BlackElo "2227"]
[PlyCount "101"]
[EventDate "2010.02.23"]
[EventType "tourn"]
[EventRounds "11"]
[EventCountry "ESP"]
[EventCategory "3"]
[SourceTitle "CBM 135 Extra"]
[Source "ChessBase"]
[SourceDate "2010.05.04"]
[SourceVersion "1"]
[SourceVersionDate "2010.05.04"]
[SourceQuality "1"]

1. d4 Nf6 2. Nf3 g6 3. c4 Bg7 4. Nc3 0-0 5. e4 d6 6. Be2 e5 7. 0-0 exd4 8. Nxd4 Re8 9. f3 c6 10. Kh1 Na6 11. Nc2 Qe7 12. Re1 Nc5 13. Be3 a5 14. Qd2 Be6 15. Bf1 Red8 16. Qf2 Ncd7 17. Rad1 Ne5 18. c5 d5 19. Bd4 Nfd7 20. exd5 cxd5 21. Qg3 Qf8 22. Bxe5 Nxe5 23. Rxe5 Bxe5 24. Qxe5 Rac8 25. Nd4 Rxc5 26. Nxe6 fxe6 27. Qxe6+ Qf7 28. Qb6 Qc7 29. Qf6 Rf8 30. Qd4 Rf4 31. Qe3 Rf5 32. Re1 Qc6 33. Bd3 Rf7 34. Na4 d4 35. Qxd4 Rc1 36. Rxc1 Qxc1+ 37. Qg1 Rc7 38. b3 Qd2 39. Bc4+ Kg7 40. Qa1+ Kh6 41. h3 Re7 42. Qf6 Qe1+ 43. Kh2 Qe3 44. Nc3 Re5 45. Ne4 Rf5 46. Qh4+ Kg7 47. Qe7+ Kh6 48. Qh4+ Kg7 49. a4 b6 50. Qe7+ Kh6 51. Bg8 1-0

[Event "Madrid-ch sf-A"]
[Site "Madrid"]
[Date "2010.01.20"]
[Round "6"]
[White "Vazquez Gonzalez, Jesus"]
[Black "Ballesteros Gonzalez, David"]
[Result "0-1"]
[WhiteElo "2050"]
[BlackElo "2227"]
[PlyCount "82"]
[EventDate "2010.01.11"]
[EventType "swiss"]
[EventRounds "9"]
[EventCountry "ESP"]
[SourceTitle "CBM 134 Extra"]
[Source "ChessBase"]
[SourceDate "2010.03.03"]
[SourceVersion "1"]
[SourceVersionDate "2010.03.03"]
[SourceQuality "1"]

1. e4 g6 2. d4 d6 3. Nc3 c6 4. Bf4 Bg7 5. Qd2 Qb6 6. 0-0-0 Nf6 7. Na4 Qd8 8. e5 Nd5 9. exd6 Nxf4 10. dxe7 Qc7 11. g3 Nd5 12. h4 h5 13. f4 Nxe7 14. Be2 0-0 15. g4 Bh6 16. Rf1 hxg4 17. Nc3 Nf5 18. Ne4 Qe7 19. Bd3 Ng7 20. Re1 Be6 21. Ng5 Qf6 22. Ne2 Nh5 23. Ne4 Qd8 24. Kb1 Nd7 25. c4 b5 26. cxb5 cxb5 27. Bxb5 Ndf6 28. N4c3 Qa5 29. Ba4 Bf5+ 30. Ka1 Rab8 31. Qe3 Qb6 32. b3 Rbc8 33. Rhf1 Qa5 34. Qe5 Qxe5 35. dxe5 Ne4 36. Nd5 Rc2 37. Ne7+ Kh8 38. Nxf5 gxf5 39. Nd4 Rd2 40. Rd1 Rxd1+ 41. Rxd1 Rd8 0-1